Flags of Modern-Day Mongol Empire Countries - Statistics

General Stats
  • This quiz has been taken 22 times
  • The average score is 27 of 28
Answer Stats
Picture Answer % Correct
China
100%
Georgia
100%
India
100%
Iran
100%
Iraq
100%
Mongolia
100%
North Korea
100%
Pakistan
100%
Romania
100%
Russia
100%
South Korea
100%
Türkiye
100%
Ukraine
100%
Afghanistan
95%
Armenia
95%
Azerbaijan
95%
Belarus
95%
Kazakhstan
95%
Moldova
95%
Poland
95%
Syria
95%
Tajikistan
95%
Turkmenistan
95%
Uzbekistan
95%
Kyrgyzstan
89%
Laos
84%
Myanmar
84%
Vietnam
84%
No matching quizzes found
Score Distribution
Percent of People with Each Score
Percentile by Number Answered
Your Score History
You have not taken this quiz